|
|
|
|
| LEADER |
00000cam a22000004a 4500 |
| 001 |
musev2_3595 |
| 003 |
MdBmJHUP |
| 005 |
20230905040441.0 |
| 006 |
m o d |
| 007 |
cr||||||||nn|n |
| 008 |
840706s1985 pau o 00 0 eng d |
| 010 |
|
|
|z 84015276
|
| 020 |
|
|
|a 9780812200898
|
| 020 |
|
|
|z 9780812213072
|
| 035 |
|
|
|a (OCoLC)759158214
|
| 040 |
|
|
|a MdBmJHUP
|c MdBmJHUP
|
| 100 |
1 |
|
|a Jaeger, C. Stephen.
|
| 245 |
1 |
4 |
|a The Origins of Courtliness :
|b Civilizing Trends and the Formation of Courtly Ideals, 939-121 /
|c C. Stephen Jaeger.
|
| 264 |
|
1 |
|a Philadelphia :
|b University of Pennsylvania Press,
|c 1985.
|
| 264 |
|
3 |
|a Baltimore, Md. :
|b Project MUSE,
|c 2012
|
| 264 |
|
4 |
|c ©1985.
|
| 300 |
|
|
|a 1 online resource (340 pages).
|
| 336 |
|
|
|a text
|b txt
|2 rdacontent
|
| 337 |
|
|
|a computer
|b c
|2 rdamedia
|
| 338 |
|
|
|a online resource
|b cr
|2 rdacarrier
|
| 490 |
0 |
|
|a The Middle Ages
|
| 505 |
0 |
0 |
|t Courts and courtiers --
|t The courtier bishop --
|t Representative figures (I) : Otto of Bamberg --
|t Criticism of the court --
|t Representative figures (II) : Adalbert of Bremen --
|t The defense of the courtier --
|t From court ideal to literary ideal : metamorphoses of the courtier --
|t Courtesy --
|t Ancient urbanity and the spirit of revival in the German empire --
|t The language of courtesy : Latin terminology, vernacular counterparts --
|t The clerical rebellion against courtliness --
|t Courtliness in the chronicles --
|t Instructing the laity in courtesy --
|t Courtliness in the romance.
|
| 588 |
|
|
|a Description based on print version record.
|
| 650 |
|
7 |
|a Civilization, Medieval.
|2 nli
|
| 650 |
|
7 |
|a Chivalry.
|2 nli
|
| 650 |
|
7 |
|a Courtly love.
|2 nli
|
| 650 |
|
7 |
|a Courts and courtiers.
|2 nli
|
| 650 |
1 |
7 |
|a Hoofsheid.
|2 gtt
|
| 650 |
|
7 |
|a Courts and courtiers.
|2 fast
|0 (OCoLC)fst00881829
|
| 650 |
|
7 |
|a Courtly love.
|2 fast
|0 (OCoLC)fst00881740
|
| 650 |
|
7 |
|a Civilization, Medieval.
|2 fast
|0 (OCoLC)fst00863049
|
| 650 |
|
7 |
|a Chivalry.
|2 fast
|0 (OCoLC)fst00858006
|
| 650 |
|
7 |
|a Knights and knighthood.
|2 fast
|0 (OCoLC)fst00988113
|
| 650 |
|
7 |
|a courtiers.
|2 aat
|
| 650 |
|
7 |
|a courts (social groups)
|2 aat
|
| 650 |
|
6 |
|a Civilisation medievale.
|
| 650 |
|
6 |
|a Chevalerie.
|
| 650 |
|
6 |
|a Amour courtois.
|
| 650 |
|
6 |
|a Cours et courtisans.
|
| 650 |
|
0 |
|a Knights and knighthood.
|
| 650 |
|
0 |
|a Civilization, Medieval.
|
| 650 |
|
0 |
|a Chivalry.
|
| 650 |
|
0 |
|a Courtly love.
|
| 650 |
|
0 |
|a Courts and courtiers.
|
| 655 |
|
7 |
|a Electronic books.
|2 local
|
| 710 |
2 |
|
|a Project Muse.
|e distributor
|
| 830 |
|
0 |
|a Book collections on Project MUSE.
|
| 856 |
4 |
0 |
|z Texto completo
|u https://projectmuse.uam.elogim.com/book/3595/
|
| 945 |
|
|
|a Project MUSE - Custom Collection
|
| 945 |
|
|
|a Project MUSE - Archive Complete Foundation
|
| 945 |
|
|
|a Project MUSE - Archive History Foundation
|